000 00767nam a22002412i 4500
001 22307
003 BD-RjUL
005 20211209000806.0
008 140308t1956 ny a 000 0 eng d
035 _a(BD-RjUL)22372
040 _aJNA
_cJNA
_dOCL
_dEQO
_dBD-RjUL
_beng
041 _aeng
082 0 4 _a920
_bANM 1956
090 _aML420.A6
_bA3 1957
100 1 _aAnderson, Marian,
_d1897-1993.
_968875
245 1 0 _aMy Lord, what a morning /
_cMarian Anderson
260 _aNew yourk :
_bCresset Press,
_cc1956.
300 _a253 p. ;
_c18 cm.
500 _a"A condensed version ... appeared in serial form in the Woman's home companion."
600 1 0 _aAnderson, Marian,
_d1897-1993.
_968878
650 0 _aSingers
_zUnited States
_xBiography
_968877
942 _2ddc
_cBK
999 _c22307
_d22307